[Event "DVM U12w 2024"]
[Site "Bad Homburg GER"]
[Date "2024.12.28"]
[Round "3"]
[White "Suryaprakash, Smrithi"]
[Black "Bayer, Klara"]
[Result "1-0"]
[Termination "normal"]
[Board "1.1"]
[WhiteElo "1527"]
[BlackElo "1618"]
[WhiteClock "00:02:20"]
[BlackClock "00:10:36"]
[WhiteTeam "SF München"]
[BlackTeam "TSG Oberschöneweide"]
[PlyCount "89"]
[WhiteFideId "34637826"]
[BlackFideId "34658955"]
[EventCountry "GER"]
[EventRounds "7"]
[EventType "team-swiss"]
[EventDate "2024.12.26"]

1. e4 {[%clk 01:30:44]} {[%emt 00:00:15]} c5 {[%clk 01:30:55]} {[%emt
00:00:06]} 2. Nf3 {[%clk 01:31:08]} {[%emt 00:00:06]} d6 {[%clk 01:30:55]}
{[%emt 00:00:29]} 3. d4 {[%clk 01:31:32]} {[%emt 00:00:06]} cxd4 {[%clk
01:31:21]} {[%emt 00:00:04]} 4. Nxd4 {[%clk 01:31:57]} {[%emt 00:00:05]} Nf6
{[%clk 01:31:43]} {[%emt 00:00:08]} 5. Nc3 {[%clk 01:32:22]} {[%emt 00:00:05]}
a6 {[%clk 01:32:02]} {[%emt 00:00:11]} 6. Bg5 {[%clk 01:32:43]} {[%emt
00:00:09]} e5 {[%clk 01:27:08]} {[%emt 00:05:24]} 7. Nb3 {[%clk 01:32:46]}
{[%emt 00:00:28]} Be7 {[%clk 01:26:39]} {[%emt 00:00:59]} 8. Qd2 {[%clk
01:29:02]} {[%emt 00:04:14]} h6 {[%clk 01:22:16]} {[%emt 00:04:52]} 9. Be3
{[%clk 01:27:10]} {[%emt 00:02:22]} Ng4 {[%clk 01:22:06]} {[%emt 00:00:41]} 10.
h4 {[%clk 01:25:06]} {[%emt 00:02:34]} Nxe3 {[%clk 01:20:16]} {[%emt 00:02:19]}
11. Qxe3 {[%clk 01:25:31]} {[%emt 00:00:06]} Bxh4 {[%clk 01:15:50]} {[%emt
00:04:56]} 12. Bc4 {[%clk 01:19:03]} {[%emt 00:06:58]} Bg5 {[%clk 01:13:12]}
{[%emt 00:03:06]} 13. Qd3 {[%clk 01:15:57]} {[%emt 00:03:37]} Nc6 {[%clk
01:08:16]} {[%emt 00:05:25]} 14. a3 {[%clk 01:12:17]} {[%emt 00:04:10]} Be6
{[%clk 01:03:06]} {[%emt 00:05:40]} 15. Bd5 {[%clk 01:09:09]} {[%emt 00:03:38]}
Rc8 {[%clk 00:56:53]} {[%emt 00:06:43]} 16. Nd2 {[%clk 00:59:33]} {[%emt
00:10:06]} Bxd5 {[%clk 00:47:31]} {[%emt 00:09:52]} 17. Nxd5 {[%clk 00:54:20]}
{[%emt 00:05:43]} Nd4 {[%clk 00:44:15]} {[%emt 00:03:46]} 18. Nc3 {[%clk
00:53:26]} {[%emt 00:01:24]} O-O {[%clk 00:39:36]} {[%emt 00:05:09]} 19. O-O-O
{[%clk 00:51:06]} {[%emt 00:02:49]} b5 {[%clk 00:37:58]} {[%emt 00:02:08]} 20.
Kb1 {[%clk 00:43:36]} {[%emt 00:08:00]} Bxd2 {[%clk 00:30:41]} {[%emt
00:07:46]} 21. Rxd2 {[%clk 00:41:11]} {[%emt 00:02:55]} Qg5 {[%clk 00:28:16]}
{[%emt 00:02:53]} 22. g3 {[%clk 00:32:05]} {[%emt 00:09:38]} a5 {[%clk
00:24:41]} {[%emt 00:04:05]} 23. f4 {[%clk 00:28:23]} {[%emt 00:04:13]} Qg6
{[%clk 00:21:27]} {[%emt 00:03:45]} 24. Nxb5 {[%clk 00:26:30]} {[%emt
00:02:22]} Nxb5 {[%clk 00:21:48]} {[%emt 00:00:08]} 25. Qxb5 {[%clk 00:26:52]}
{[%emt 00:00:08]} Qxe4 {[%clk 00:22:09]} {[%emt 00:00:10]} 26. Rhd1 {[%clk
00:26:28]} {[%emt 00:00:54]} exf4 {[%clk 00:21:42]} {[%emt 00:00:57]} 27. gxf4
{[%clk 00:26:29]} {[%emt 00:00:29]} a4 {[%clk 00:21:37]} {[%emt 00:00:34]} 28.
f5 {[%clk 00:21:04]} {[%emt 00:05:56]} Rfd8 {[%clk 00:21:48]} {[%emt 00:00:19]}
29. Qd5 {[%clk 00:16:45]} {[%emt 00:04:49]} Qf4 {[%clk 00:21:11]} {[%emt
00:01:05]} 30. Rd4 {[%clk 00:16:08]} {[%emt 00:01:09]} Qh2 {[%clk 00:21:22]}
{[%emt 00:00:19]} 31. Qe4 {[%clk 00:15:12]} {[%emt 00:01:26]} d5 {[%clk
00:19:59]} {[%emt 00:01:53]} 32. Rxd5 {[%clk 00:14:03]} {[%emt 00:01:39]} Rxd5
{[%clk 00:20:18]} {[%emt 00:00:11]} 33. Rxd5 {[%clk 00:14:28]} {[%emt
00:00:05]} Qg1+ {[%clk 00:20:10]} {[%emt 00:00:38]} 34. Ka2 {[%clk 00:14:48]}
{[%emt 00:00:10]} Qf2 {[%clk 00:20:30]} {[%emt 00:00:11]} 35. f6 {[%clk
00:12:38]} {[%emt 00:02:40]} Qxf6 {[%clk 00:20:04]} {[%emt 00:00:55]} 36. Qxa4
{[%clk 00:12:36]} {[%emt 00:00:32]} Qe6 {[%clk 00:19:33]} {[%emt 00:01:01]} 37.
c4 {[%clk 00:12:02]} {[%emt 00:01:03]} Qe4 {[%clk 00:19:10]} {[%emt 00:00:51]}
38. Kb3 {[%clk 00:08:24]} {[%emt 00:04:11]} Rb8+ {[%clk 00:17:00]} {[%emt
00:02:38]} 39. Ka2 {[%clk 00:06:45]} {[%emt 00:02:11]} Qe2 {[%clk 00:17:11]}
{[%emt 00:00:17]} 40. Rb5 {[%clk 00:06:52]} {[%emt 00:00:25]} Rc8 {[%clk
00:17:02]} {[%emt 00:00:38]} 41. Rb4 {[%clk 00:06:54]} {[%emt 00:00:29]} h5
{[%clk 00:16:38]} {[%emt 00:00:54]} 42. Qb3 {[%clk 00:04:40]} {[%emt 00:02:44]}
Kh7 {[%clk 00:11:55]} {[%emt 00:05:13]} 43. Qh3 {[%clk 00:02:29]} {[%emt
00:02:41]} Rxc4 {[%clk 00:10:24]} {[%emt 00:02:02]} 44. Qf5+ {[%clk 00:02:22]}
{[%emt 00:00:36]} Kg8 {[%clk 00:10:36]} {[%emt 00:00:19]} 45. Rb8+ {[%clk
00:02:20]} {[%emt 00:00:31]} 1-0

[Event "DVM U12w 2024"]
[Site "Bad Homburg GER"]
[Date "2024.12.28"]
[Round "3"]
[White "Ruddat, Maila"]
[Black "Sobczak, Zuzanna"]
[Result "0-1"]
[Termination "normal"]
[Board "1.2"]
[WhiteElo "1486"]
[BlackElo "1598"]
[WhiteClock "00:54:53"]
[BlackClock "01:18:23"]
[WhiteTeam "TSG Oberschöneweide"]
[BlackTeam "SF München"]
[PlyCount "100"]
[WhiteFideId "34628100"]
[BlackFideId "34670050"]
[EventCountry "GER"]
[EventRounds "7"]
[EventType "team-swiss"]
[EventDate "2024.12.26"]

1. e4 {[%clk 01:30:23]} {[%emt 00:00:36]} c5 {[%clk 01:30:54]} {[%emt
00:00:08]} 2. Nf3 {[%clk 01:29:57]} {[%emt 00:00:55]} Nc6 {[%clk 01:31:15]}
{[%emt 00:00:09]} 3. d4 {[%clk 01:29:22]} {[%emt 00:01:05]} cxd4 {[%clk
01:31:26]} {[%emt 00:00:20]} 4. Nxd4 {[%clk 01:28:03]} {[%emt 00:01:47]} g6
{[%clk 01:31:46]} {[%emt 00:00:10]} 5. Nc3 {[%clk 01:27:06]} {[%emt 00:01:26]}
Bg7 {[%clk 01:32:07]} {[%emt 00:00:10]} 6. Be3 {[%clk 01:26:36]} {[%emt
00:00:56]} d6 {[%clk 01:32:17]} {[%emt 00:00:25]} 7. Bc4 {[%clk 01:19:25]}
{[%emt 00:07:38]} Nf6 {[%clk 01:31:54]} {[%emt 00:00:55]} 8. Bb3 {[%clk
01:18:45]} {[%emt 00:01:10]} Ng4 {[%clk 01:30:57]} {[%emt 00:01:26]} 9. Nxc6
{[%clk 01:15:36]} {[%emt 00:03:39]} bxc6 {[%clk 01:27:53]} {[%emt 00:03:35]}
10. Qf3 {[%clk 01:12:44]} {[%emt 00:03:21]} O-O {[%clk 01:27:07]} {[%emt
00:01:18]} 11. Bd2 {[%clk 01:11:37]} {[%emt 00:01:31]} Ne5 {[%clk 01:26:08]}
{[%emt 00:01:34]} 12. Qe2 {[%clk 01:07:28]} {[%emt 00:04:35]} a5 {[%clk
01:19:47]} {[%emt 00:06:55]} 13. a4 {[%clk 01:07:05]} {[%emt 00:00:52]} Ba6
{[%clk 01:19:42]} {[%emt 00:00:36]} 14. Qe3 {[%clk 01:06:42]} {[%emt 00:00:48]}
Bc4 {[%clk 01:18:00]} {[%emt 00:02:18]} 15. Ra3 {[%clk 01:04:40]} {[%emt
00:02:25]} Rb8 {[%clk 01:18:00]} {[%emt 00:00:37]} 16. Nd1 {[%clk 00:53:21]}
{[%emt 00:11:46]} Qc7 {[%clk 01:10:40]} {[%emt 00:07:52]} 17. Bc3 {[%clk
00:51:11]} {[%emt 00:02:37]} Bxb3 {[%clk 01:09:16]} {[%emt 00:01:57]} 18. Bxe5
{[%clk 00:50:27]} {[%emt 00:01:13]} Bxe5 {[%clk 01:09:21]} {[%emt 00:00:26]}
19. Rxb3 {[%clk 00:50:29]} {[%emt 00:00:28]} Rxb3 {[%clk 01:09:44]} {[%emt
00:00:07]} 20. Qxb3 {[%clk 00:50:48]} {[%emt 00:00:11]} Rb8 {[%clk 01:10:09]}
{[%emt 00:00:06]} 21. Qa2 {[%clk 00:50:30]} {[%emt 00:00:43]} Qb6 {[%clk
01:10:10]} {[%emt 00:00:34]} 22. b3 {[%clk 00:50:41]} {[%emt 00:00:19]} Qb4+
{[%clk 01:10:30]} {[%emt 00:00:10]} 23. c3 {[%clk 00:49:06]} {[%emt 00:02:04]}
Bxc3+ {[%clk 01:10:08]} {[%emt 00:00:52]} 24. Nxc3 {[%clk 00:49:23]} {[%emt
00:00:14]} Qxc3+ {[%clk 01:10:30]} {[%emt 00:00:09]} 25. Qd2 {[%clk 00:49:45]}
{[%emt 00:00:07]} Qa1+ {[%clk 01:10:19]} {[%emt 00:00:41]} 26. Qd1 {[%clk
00:50:04]} {[%emt 00:00:10]} Qxd1+ {[%clk 01:10:42]} {[%emt 00:00:08]} 27. Kxd1
{[%clk 00:50:24]} {[%emt 00:00:10]} Rxb3 {[%clk 01:11:07]} {[%emt 00:00:06]}
28. Kc2 {[%clk 00:50:34]} {[%emt 00:00:19]} Rb4 {[%clk 01:11:27]} {[%emt
00:00:11]} 29. Ra1 {[%clk 00:50:41]} {[%emt 00:00:21]} Rxe4 {[%clk 01:11:47]}
{[%emt 00:00:11]} 30. Kd3 {[%clk 00:51:00]} {[%emt 00:00:09]} Rb4 {[%clk
01:11:55]} {[%emt 00:00:23]} 31. Kc3 {[%clk 00:51:12]} {[%emt 00:00:17]} c5
{[%clk 01:12:19]} {[%emt 00:00:08]} 32. Ra2 {[%clk 00:51:33]} {[%emt 00:00:08]}
Kg7 {[%clk 01:12:44]} {[%emt 00:00:06]} 33. Kd3 {[%clk 00:51:40]} {[%emt
00:00:21]} Kf6 {[%clk 01:12:51]} {[%emt 00:00:24]} 34. Ke3 {[%clk 00:51:31]}
{[%emt 00:00:36]} Ke5 {[%clk 01:13:11]} {[%emt 00:00:13]} 35. Kd3 {[%clk
00:51:50]} {[%emt 00:00:09]} e6 {[%clk 01:13:19]} {[%emt 00:00:24]} 36. f3
{[%clk 00:52:07]} {[%emt 00:00:11]} d5 {[%clk 01:13:30]} {[%emt 00:00:20]} 37.
Re2+ {[%clk 00:52:19]} {[%emt 00:00:15]} Kd6 {[%clk 01:13:52]} {[%emt
00:00:11]} 38. Ra2 {[%clk 00:52:30]} {[%emt 00:00:19]} c4+ {[%clk 01:14:16]}
{[%emt 00:00:07]} 39. Kc3 {[%clk 00:52:37]} {[%emt 00:00:16]} Kc5 {[%clk
01:14:44]} {[%emt 00:00:09]} 40. h3 {[%clk 00:52:43]} {[%emt 00:00:23]} d4+
{[%clk 01:15:05]} {[%emt 00:00:10]} 41. Kc2 {[%clk 00:52:59]} {[%emt 00:00:13]}
d3+ {[%clk 01:15:20]} {[%emt 00:00:16]} 42. Kc3 {[%clk 00:52:57]} {[%emt
00:00:28]} Rb3+ {[%clk 01:15:44]} {[%emt 00:00:09]} 43. Kd2 {[%clk 00:53:16]}
{[%emt 00:00:08]} Kd4 {[%clk 01:16:08]} {[%emt 00:00:08]} 44. g4 {[%clk
00:53:25]} {[%emt 00:00:21]} c3+ {[%clk 01:16:27]} {[%emt 00:00:12]} 45. Ke1
{[%clk 00:53:37]} {[%emt 00:00:18]} Ke3 {[%clk 01:16:52]} {[%emt 00:00:06]} 46.
Ra1 {[%clk 00:53:55]} {[%emt 00:00:11]} d2+ {[%clk 01:17:12]} {[%emt 00:00:10]}
47. Kd1 {[%clk 00:54:06]} {[%emt 00:00:15]} Kd3 {[%clk 01:17:40]} {[%emt
00:00:06]} 48. Rc1 {[%clk 00:54:14]} {[%emt 00:00:20]} dxc1=Q+ {[%clk
01:17:46]} {[%emt 00:00:25]} 49. Kxc1 {[%clk 00:54:30]} {[%emt 00:00:13]} c2
{[%clk 01:18:07]} {[%emt 00:00:10]} 50. f4 {[%clk 00:54:53]} {[%emt 00:00:06]}
Rb1# {[%clk 01:18:23]} {[%emt 00:00:15]} 0-1

[Event "DVM U12w 2024"]
[Site "Bad Homburg GER"]
[Date "2024.12.28"]
[Round "3"]
[White "Raghavan, Madhushri"]
[Black "Ulianova, Anna"]
[Result "1-0"]
[Termination "normal"]
[Board "1.3"]
[WhiteElo "1410"]
[BlackElo "1267"]
[WhiteClock "00:28:29"]
[BlackClock "00:03:48"]
[WhiteTeam "SF München"]
[BlackTeam "TSG Oberschöneweide"]
[PlyCount "79"]
[WhiteFideId "34688390"]
[BlackFideId "34682660"]
[EventCountry "GER"]
[EventRounds "7"]
[EventType "team-swiss"]
[EventDate "2024.12.26"]

1. d4 {[%clk 01:30:43]} {[%emt 00:00:16]} d5 {[%clk 01:30:53]} {[%emt
00:00:08]} 2. c4 {[%clk 01:30:50]} {[%emt 00:00:22]} c6 {[%clk 01:31:05]}
{[%emt 00:00:18]} 3. Nc3 {[%clk 01:30:29]} {[%emt 00:00:51]} Nf6 {[%clk
01:31:08]} {[%emt 00:00:27]} 4. Bf4 {[%clk 01:29:16]} {[%emt 00:01:43]} e6
{[%clk 01:31:08]} {[%emt 00:00:30]} 5. a3 {[%clk 01:28:35]} {[%emt 00:01:10]}
Be7 {[%clk 01:30:14]} {[%emt 00:01:24]} 6. e3 {[%clk 01:27:35]} {[%emt
00:01:30]} Nbd7 {[%clk 01:29:34]} {[%emt 00:01:11]} 7. Nf3 {[%clk 01:24:53]}
{[%emt 00:03:10]} b6 {[%clk 01:26:59]} {[%emt 00:03:07]} 8. Qb3 {[%clk
01:20:54]} {[%emt 00:04:28]} O-O {[%clk 01:18:10]} {[%emt 00:09:21]} 9. Be2
{[%clk 01:18:54]} {[%emt 00:02:29]} Bb7 {[%clk 01:16:28]} {[%emt 00:02:12]} 10.
c5 {[%clk 01:17:50]} {[%emt 00:01:34]} Nh5 {[%clk 01:15:18]} {[%emt 00:01:40]}
11. Bg3 {[%clk 01:13:34]} {[%emt 00:04:41]} f5 {[%clk 01:14:33]} {[%emt
00:01:20]} 12. Be5 {[%clk 01:05:18]} {[%emt 00:08:44]} Bf6 {[%clk 01:13:54]}
{[%emt 00:01:11]} 13. Nd2 {[%clk 01:03:54]} {[%emt 00:01:53]} Qe8 {[%clk
01:12:46]} {[%emt 00:01:38]} 14. Bd6 {[%clk 01:02:03]} {[%emt 00:02:18]} Qg6
{[%clk 01:08:01]} {[%emt 00:05:19]} 15. Bxh5 {[%clk 01:01:20]} {[%emt
00:01:12]} Qxh5 {[%clk 01:08:22]} {[%emt 00:00:09]} 16. Bxf8 {[%clk 01:00:55]}
{[%emt 00:00:55]} Rxf8 {[%clk 01:08:28]} {[%emt 00:00:25]} 17. O-O {[%clk
01:00:25]} {[%emt 00:01:00]} Ba6 {[%clk 01:08:27]} {[%emt 00:00:30]} 18. Rfe1
{[%clk 00:57:12]} {[%emt 00:03:42]} bxc5 {[%clk 01:08:16]} {[%emt 00:00:42]}
19. Qa4 {[%clk 00:53:59]} {[%emt 00:03:39]} Nb8 {[%clk 00:57:21]} {[%emt
00:11:29]} 20. dxc5 {[%clk 00:52:53]} {[%emt 00:01:36]} Bh4 {[%clk 00:52:33]}
{[%emt 00:05:19]} 21. Nf3 {[%clk 00:50:05]} {[%emt 00:03:17]} Be7 {[%clk
00:44:08]} {[%emt 00:08:56]} 22. Ne5 {[%clk 00:49:14]} {[%emt 00:01:19]} Bxc5
{[%clk 00:43:33]} {[%emt 00:01:07]} 23. Nxc6 {[%clk 00:49:01]} {[%emt
00:00:44]} Bd6 {[%clk 00:43:04]} {[%emt 00:00:59]} 24. g3 {[%clk 00:47:57]}
{[%emt 00:01:33]} Bb7 {[%clk 00:42:04]} {[%emt 00:01:30]} 25. Nxb8 {[%clk
00:45:54]} {[%emt 00:02:33]} Rxb8 {[%clk 00:41:11]} {[%emt 00:01:24]} 26. Qd7
{[%clk 00:42:35]} {[%emt 00:03:42]} Bxg3 {[%clk 00:14:13]} {[%emt 00:27:35]}
27. Qxe6+ {[%clk 00:39:49]} {[%emt 00:03:16]} Kh8 {[%clk 00:12:34]} {[%emt
00:02:09]} 28. fxg3 {[%clk 00:36:54]} {[%emt 00:03:24]} d4 {[%clk 00:11:38]}
{[%emt 00:01:26]} 29. Nd5 {[%clk 00:35:32]} {[%emt 00:01:52]} Rd8 {[%clk
00:09:45]} {[%emt 00:02:23]} 30. Qe7 {[%clk 00:32:10]} {[%emt 00:03:47]} Rb8
{[%clk 00:07:22]} {[%emt 00:02:57]} 31. Qc7 {[%clk 00:30:21]} {[%emt 00:02:14]}
Qe8 {[%clk 00:03:36]} {[%emt 00:04:21]} 32. exd4 {[%clk 00:29:11]} {[%emt
00:01:41]} Qd8 {[%clk 00:03:30]} {[%emt 00:00:36]} 33. Qxd8+ {[%clk 00:28:53]}
{[%emt 00:00:48]} Rxd8 {[%clk 00:03:50]} {[%emt 00:00:10]} 34. Nc7 {[%clk
00:28:22]} {[%emt 00:01:01]} h6 {[%clk 00:03:32]} {[%emt 00:00:49]} 35. Re8+
{[%clk 00:28:29]} {[%emt 00:00:22]} Rxe8 {[%clk 00:03:47]} {[%emt 00:00:15]}
36. Nxe8 {[%clk 00:28:49]} {[%emt 00:00:10]} Bc6 {[%clk 00:04:01]} {[%emt
00:00:17]} 37. Rc1 {[%clk 00:28:39]} {[%emt 00:00:37]} Bd7 {[%clk 00:03:59]}
{[%emt 00:00:34]} 38. Rc7 {[%clk 00:27:58]} {[%emt 00:01:09]} Bxe8 {[%clk
00:03:41]} {[%emt 00:00:49]} 39. Rc8 {[%clk 00:28:11]} {[%emt 00:00:17]} Kh7
{[%clk 00:03:48]} {[%emt 00:00:24]} 40. Rxe8 {[%clk 00:28:29]} {[%emt
00:00:11]} 1-0

[Event "DVM U12w 2024"]
[Site "Bad Homburg GER"]
[Date "2024.12.28"]
[Round "3"]
[White "Yamshchikova, Oleksandra"]
[Black "Markl, Paula"]
[Result "1-0"]
[Termination "normal"]
[Board "1.4"]
[WhiteElo "974"]
[BlackElo "759"]
[WhiteClock "01:21:46"]
[BlackClock "01:26:01"]
[WhiteTeam "TSG Oberschöneweide"]
[BlackTeam "SF München"]
[PlyCount "51"]
[WhiteFideId "34171118"]
[BlackFideId "533025916"]
[EventCountry "GER"]
[EventRounds "7"]
[EventType "team-swiss"]
[EventDate "2024.12.26"]

1. e4 {[%clk 01:30:57]} {[%emt 00:00:02]} e5 {[%clk 01:30:53]} {[%emt
00:00:08]} 2. Nf3 {[%clk 01:31:20]} {[%emt 00:00:06]} Nc6 {[%clk 01:31:09]}
{[%emt 00:00:14]} 3. Bc4 {[%clk 01:31:43]} {[%emt 00:00:07]} g6 {[%clk
01:31:21]} {[%emt 00:00:18]} 4. d3 {[%clk 01:31:46]} {[%emt 00:00:27]} Bg7
{[%clk 01:31:43]} {[%emt 00:00:08]} 5. Be3 {[%clk 01:31:43]} {[%emt 00:00:33]}
Nf6 {[%clk 01:32:01]} {[%emt 00:00:12]} 6. Nc3 {[%clk 01:31:09]} {[%emt
00:01:04]} O-O {[%clk 01:32:15]} {[%emt 00:00:11]} 7. Qd2 {[%clk 01:31:10]}
{[%emt 00:00:34]} b6 {[%clk 01:32:34]} {[%emt 00:00:12]} 8. Bh6 {[%clk
01:31:23]} {[%emt 00:00:17]} Bb7 {[%clk 01:32:42]} {[%emt 00:00:22]} 9. Bxg7
{[%clk 01:30:44]} {[%emt 00:01:09]} Kxg7 {[%clk 01:32:41]} {[%emt 00:00:32]}
10. Nd5 {[%clk 01:30:25]} {[%emt 00:00:49]} Re8 {[%clk 01:30:42]} {[%emt
00:02:29]} 11. Nxf6 {[%clk 01:29:55]} {[%emt 00:01:01]} Kxf6 {[%clk 01:30:21]}
{[%emt 00:00:51]} 12. Qh6 {[%clk 01:28:19]} {[%emt 00:02:05]} Rh8 {[%clk
01:30:04]} {[%emt 00:00:45]} 13. Ng5 {[%clk 01:27:59]} {[%emt 00:00:51]} Ke7
{[%clk 01:28:26]} {[%emt 00:02:10]} 14. Nxf7 {[%clk 01:27:41]} {[%emt
00:00:48]} Qe8 {[%clk 01:27:38]} {[%emt 00:01:18]} 15. Nxh8 {[%clk 01:27:25]}
{[%emt 00:00:46]} Qxh8 {[%clk 01:27:59]} {[%emt 00:00:08]} 16. Qg5+ {[%clk
01:27:17]} {[%emt 00:00:37]} Ke8 {[%clk 01:27:55]} {[%emt 00:00:34]} 17. O-O
{[%clk 01:25:53]} {[%emt 00:01:55]} Qf8 {[%clk 01:27:30]} {[%emt 00:00:55]} 18.
f4 {[%clk 01:25:06]} {[%emt 00:01:16]} Qc5+ {[%clk 01:26:51]} {[%emt 00:01:08]}
19. Kh1 {[%clk 01:25:05]} {[%emt 00:00:33]} d6 {[%clk 01:26:52]} {[%emt
00:00:29]} 20. fxe5 {[%clk 01:24:32]} {[%emt 00:01:03]} dxe5 {[%clk 01:27:12]}
{[%emt 00:00:10]} 21. Bf7+ {[%clk 01:23:46]} {[%emt 00:01:16]} Kd7 {[%clk
01:27:14]} {[%emt 00:00:29]} 22. Qg4+ {[%clk 01:23:44]} {[%emt 00:00:28]} Kd8
{[%clk 01:27:23]} {[%emt 00:00:24]} 23. Qe6 {[%clk 01:23:07]} {[%emt 00:01:08]}
Ne7 {[%clk 01:26:44]} {[%emt 00:01:09]} 24. Bg8 {[%clk 01:22:15]} {[%emt
00:01:21]} Ke8 {[%clk 01:26:04]} {[%emt 00:01:11]} 25. Rf8+ {[%clk 01:22:08]}
{[%emt 00:00:36]} Kxf8 {[%clk 01:26:01]} {[%emt 00:00:32]} 26. Qf7# {[%clk
01:21:46]} {[%emt 00:00:14]} 1-0

[Event "DVM U12w 2024"]
[Site "Bad Homburg GER"]
[Date "2024.12.28"]
[Round "3"]
[White "Mandziuk, Varvara"]
[Black "Wolf, Helena"]
[Result "0-1"]
[Termination "normal"]
[Board "2.1"]
[WhiteElo "1160"]
[BlackElo "1582"]
[WhiteClock "00:50:26"]
[BlackClock "01:00:14"]
[WhiteTeam "SC Garching 1980"]
[BlackTeam "SK Bad Homburg 1927"]
[PlyCount "74"]
[WhiteFideId "34638016"]
[BlackFideId "34671030"]
[EventCountry "GER"]
[EventRounds "7"]
[EventType "team-swiss"]
[EventDate "2024.12.26"]

1. e4 {[%clk 01:30:59]} e5 {[%clk 01:30:55]} {[%emt 00:00:05]} 2. Nf3 {[%clk
01:31:23]} {[%emt 00:00:07]} d6 {[%clk 01:31:18]} {[%emt 00:00:07]} 3. h3
{[%clk 01:31:34]} {[%emt 00:00:19]} Nf6 {[%clk 01:31:38]} {[%emt 00:00:09]} 4.
Nc3 {[%clk 01:31:56]} {[%emt 00:00:08]} Be7 {[%clk 01:31:30]} {[%emt 00:00:39]}
5. Bc4 {[%clk 01:32:12]} {[%emt 00:00:13]} O-O {[%clk 01:31:53]} {[%emt
00:00:07]} 6. O-O {[%clk 01:32:35]} {[%emt 00:00:07]} c6 {[%clk 01:31:54]}
{[%emt 00:00:28]} 7. a4 {[%clk 01:32:36]} {[%emt 00:00:28]} Nbd7 {[%clk
01:31:38]} {[%emt 00:00:47]} 8. d3 {[%emt 00:01:31]} h6 {[%clk 01:30:26]}
{[%emt 00:00:39]} 9. Be3 {[%clk 01:32:35]} {[%emt 00:00:33]} Re8 {[%clk
01:28:06]} {[%emt 00:02:50]} 10. Qd2 {[%clk 01:31:49]} {[%emt 00:01:17]} Bf8
{[%clk 01:27:21]} {[%emt 00:01:15]} 11. Rfe1 {[%clk 01:30:33]} {[%emt
00:01:45]} Nb6 {[%clk 01:26:46]} {[%emt 00:01:05]} 12. Bb3 {[%clk 01:29:43]}
{[%emt 00:01:20]} Be6 {[%clk 01:18:06]} {[%emt 00:09:10]} 13. Rad1 {[%clk
01:24:32]} {[%emt 00:05:42]} Bxb3 {[%clk 01:12:46]} {[%emt 00:05:51]} 14. cxb3
{[%clk 01:24:52]} {[%emt 00:00:08]} a6 {[%clk 01:11:26]} {[%emt 00:01:51]} 15.
Nh4 {[%clk 01:19:52]} {[%emt 00:05:31]} d5 {[%clk 01:10:32]} {[%emt 00:01:23]}
16. Bxb6 {[%clk 01:15:38]} {[%emt 00:04:44]} Qxb6 {[%clk 01:10:49]} {[%emt
00:00:13]} 17. Qc2 {[%clk 01:15:49]} {[%emt 00:00:17]} d4 {[%clk 01:10:11]}
{[%emt 00:01:09]} 18. Ne2 {[%clk 01:15:42]} {[%emt 00:00:37]} Nd7 {[%clk
01:08:28]} {[%emt 00:02:13]} 19. Nc1 {[%clk 01:05:15]} {[%emt 00:10:58]} Rac8
{[%clk 01:04:54]} {[%emt 00:04:04]} 20. Qc4 {[%clk 00:51:47]} {[%emt 00:15:21]}
Qc5 {[%clk 01:01:19]} {[%emt 00:04:05]} 21. Nf3 {[%clk 00:50:55]} {[%emt
00:01:22]} Qxc4 {[%clk 01:01:24]} {[%emt 00:00:26]} 22. bxc4 {[%clk 00:51:14]}
{[%emt 00:00:11]} Nc5 {[%clk 01:01:36]} {[%emt 00:00:18]} 23. b3 {[%clk
00:51:16]} {[%emt 00:00:27]} Rb8 {[%clk 00:59:49]} {[%emt 00:02:17]} 24. Rd2
{[%clk 00:48:23]} {[%emt 00:03:22]} Ne6 {[%clk 00:57:33]} {[%emt 00:02:47]} 25.
Nxe5 {[%clk 00:47:04]} {[%emt 00:01:49]} Bb4 {[%clk 00:57:57]} {[%emt
00:00:06]} 26. Rde2 {[%clk 00:46:53]} {[%emt 00:00:41]} Bxe1 {[%clk 00:58:17]}
{[%emt 00:00:11]} 27. Rxe1 {[%clk 00:47:20]} {[%emt 00:00:03]} Nc5 {[%clk
00:58:30]} {[%emt 00:00:17]} 28. Nf3 {[%clk 00:47:31]} {[%emt 00:00:18]} Rbd8
{[%clk 00:58:18]} {[%emt 00:00:41]} 29. b4 {[%clk 00:47:49]} {[%emt 00:00:13]}
Nxa4 {[%clk 00:58:42]} {[%emt 00:00:06]} 30. Nb3 {[%clk 00:48:08]} {[%emt
00:00:11]} Re7 {[%clk 00:58:06]} {[%emt 00:01:06]} 31. Nbxd4 {[%clk 00:48:28]}
{[%emt 00:00:09]} Red7 {[%clk 00:58:25]} {[%emt 00:00:11]} 32. Nb3 {[%clk
00:48:30]} {[%emt 00:00:28]} Rxd3 {[%clk 00:58:42]} {[%emt 00:00:14]} 33. Nc5
{[%clk 00:48:53]} {[%emt 00:00:07]} Nxc5 {[%clk 00:59:07]} {[%emt 00:00:05]}
34. bxc5 {[%clk 00:49:18]} {[%emt 00:00:05]} Rd1 {[%clk 00:59:20]} {[%emt
00:00:17]} 35. Rxd1 {[%clk 00:49:42]} {[%emt 00:00:05]} Rxd1+ {[%clk 00:59:46]}
{[%emt 00:00:05]} 36. Kh2 {[%clk 00:50:09]} {[%emt 00:00:03]} a5 {[%clk
00:59:59]} {[%emt 00:00:17]} 37. Ne5 {[%clk 00:50:26]} {[%emt 00:00:12]} a4
{[%clk 01:00:14]} {[%emt 00:00:15]} 0-1